| 000 | 00908nam a2200277 a 4500 | ||
|---|---|---|---|
| 999 |
_c1866 _d1866 |
||
| 003 | OSt | ||
| 005 | 20190619121404.0 | ||
| 008 | 131023s1991 sz ||||| |||| 00| 0 eng d | ||
| 020 | _a92-4-157125-X | ||
| 040 | _cBiblioteca Medicina | ||
| 041 | _aeng | ||
| 082 | _aOMS QD 181.P8 | ||
| 110 |
_aOrganizacion Mundial de la Salud _91006 |
||
| 245 | 0 | 0 | _aEnvironmental Health Criteria 125: Platinum |
| 250 | _a1º ed. | ||
| 260 |
_aGinebra _bOrganizacion Mundial de la Salud _c1991 |
||
| 300 | _a167 p. | ||
| 440 | 0 | 0 |
_aInternational Programme on Chemical Safety _92782 |
| 500 | _aBaja Depósito Junio 2019- Caja 31 | ||
| 546 | _aTexto en ingles, resumen y conclusion en español | ||
| 653 | _aPLATINO-EFECTOS ADVERSOS | ||
| 653 | _aPLATINO-TOXICIDAD | ||
| 653 | _aEXPOSICION A RIESGOS AMBIENTALES | ||
| 856 | _ahttp://www.who.int/ipcs/publications/ehc/ehc_numerical/en/index.html | ||
| 942 |
_2ddc _cPH |
||